<?xml version="1.0" encoding="utf-8"?>
<?xml-stylesheet type='text/xsl' href='./oai2.xsl'?>
<OAI-PMH xmlns="http://www.openarchives.org/OAI/2.0/" xmlns:xsi="http://www.w3.org/2001/XMLSchema-instance" xsi:schemaLocation="http://www.openarchives.org/OAI/2.0/ http://www.openarchives.org/OAI/2.0/OAI-PMH.xsd">
  <responseDate>2026-05-15T20:06:53Z</responseDate>
  <request verb="GetRecord" metadataPrefix="marcxml" identifier="record_kuniweb_29683">https://kulturerbe.niedersachsen.de/oai</request>
  <GetRecord>
    <record>
      <header>
        <identifier>record_kuniweb_29683</identifier>
        <datestamp>2021-03-24T08:59:20Z</datestamp>
        <setSpec>slg0112</setSpec>
      </header>
      <metadata>
        <marc:record xmlns:marc="http://www.loc.gov/MARC21/slim" xsi:schemaLocation="http://www.loc.gov/MARC21/slim http://www.loc.gov/standards/marcxml/schema/MARC21slim.xsd">
          <marc:leader>12345nrm  22     uu 4500</marc:leader>
          <marc:controlfield tag="001">29683</marc:controlfield>
          <marc:controlfield tag="003">http://kuniweb.gbv.de</marc:controlfield>
          <marc:controlfield tag="005">2014-10-13T15:01:36</marc:controlfield>
          <marc:controlfield tag="008">|           ||||||||||||||||||||||</marc:controlfield>
          <marc:datafield tag="245" ind1="1" ind2="0">
            <marc:subfield code="a">Altardecke</marc:subfield>
          </marc:datafield>
          <marc:datafield tag="655" ind1=" " ind2="7">
            <marc:subfield code="a">Alltagskultur</marc:subfield>
          </marc:datafield>
          <marc:datafield tag="046" ind1=" " ind2=" ">
            <marc:subfield code="k">1682</marc:subfield>
            <marc:subfield code="k">1682</marc:subfield>
          </marc:datafield>
          <marc:datafield tag="260" ind1=" " ind2=" ">
            <marc:subfield code="g">1682</marc:subfield>
            <marc:subfield code="g">1682</marc:subfield>
          </marc:datafield>
          <marc:datafield tag="300" ind1=" " ind2=" ">
            <marc:subfield code="a">Länge: 175 cm (ohne Rand (Spitze))
Länge: 190 cm (circa, mit Rand (Spitze))
Breite: 95 cm (circa, ohne Rand (Spitze))
Breite: 112 cm (circa, mit Rand (Spitze))</marc:subfield>
          </marc:datafield>
          <marc:datafield tag="520" ind1=" " ind2=" ">
            <marc:subfield code="a">Altardecke aus Seide mit Spitzenrand (ca. 8 cm breit), weiß, in der Mitte farbiger, ovaler Aufdruck (aufgemalt?). Eine goldfarbene Blätterranke umrahmt das Oval, in dem zwei Wappen zu sehen sind. Das linke Wappen, grün und goldfarben, zeigt über dem Wappenschild einen grünen, tannenähnlichen Busch sowie 3 weiße Blüten, jede mit grünen Punkten umrandet. Über dem Wappen steht hufeisenförmig gebogen: Georg Thiele, F.O.B.L.M.U.S.Z.C." Das rechte Wappen zeigt die Farben Rot, Gold, Schwarz, Silber und Grün. Über dem Wappenschild sieht man 2 geschwungene Hörner in Rot und Schwarz. Darüber steht hufeisenförmig: "Dorothea Maria Ußler:"
Unter den beiden Wappen steht in zwei gebogenen Zeilen in goldfarbenen Buchstaben: "Hatt dieses z. Ehre Gottes verehret Den 16t Aprilis Anno 1682" (Oberharzer Bergwerksmuseum)</marc:subfield>
          </marc:datafield>
          <marc:datafield tag="650" ind1="1" ind2=" ">
            <marc:subfield code="a">Parament</marc:subfield>
          </marc:datafield>
          <marc:datafield tag="650" ind1="1" ind2=" ">
            <marc:subfield code="a">Parament &gt; Parament</marc:subfield>
          </marc:datafield>
          <marc:datafield tag="650" ind1="1" ind2=" ">
            <marc:subfield code="a">Behänge/Bedeckungen (Paramente)</marc:subfield>
          </marc:datafield>
          <marc:datafield tag="773" ind1="0" ind2=" ">
            <marc:subfield code="t">Allgemeine Sammlung</marc:subfield>
          </marc:datafield>
          <marc:datafield tag="852" ind1=" " ind2=" ">
            <marc:subfield code="a">Oberharzer Bergwerksmuseum</marc:subfield>
          </marc:datafield>
          <marc:datafield tag="" ind1=" " ind2=" ">
            <marc:subfield code="a">Namensnennung - Weitergabe unter gleichen Bedingungen 4.0 International (CC BY-SA 4.0)</marc:subfield>
          </marc:datafield>
        </marc:record>
      </metadata>
    </record>
  </GetRecord>
</OAI-PMH>
